Master Your Emotions (Record no. 369782)

MARC details
000 -LEADER
fixed length control field 00436nam a2200169 4500
005 - DATE AND TIME OF LATEST TRANSACTION
control field 20260108151823.0
008 - FIXED-LENGTH DATA ELEMENTS--GENERAL INFORMATION
fixed length control field 260108b |||||||| |||| 00| 0 eng d
020 ## - INTERNATIONAL STANDARD BOOK NUMBER
International Standard Book Number 978-81-8328-552-0
041 ## - LANGUAGE CODE
Language code of text/sound track or separate title English
082 ## - DEWEY DECIMAL CLASSIFICATION NUMBER
Classification number X 158.1 MEU
Item number B12134
100 ## - MAIN ENTRY--PERSONAL NAME
Author Meurisse, Thibaut
245 ## - TITLE STATEMENT
Title Master Your Emotions
260 ## - PUBLICATION, DISTRIBUTION, ETC.
Place of publication, distribution, etc. New Delhi
Name of publisher, distributor, etc. Wisdom Tree
Date of publication, distribution, etc. 2025
300 ## - PHYSICAL DESCRIPTION
Extent x,210p
Other physical details pb
365 ## - TRADE PRICE
Price type code Rupaye
Price amount 323
Currency code INR
942 ## - ADDED ENTRY ELEMENTS (KOHA)
Koha item type Books
Holdings
Withdrawn status Lost status Source of classification or shelving scheme Damaged status Not for loan Collection code Home library Current library Date acquired Vendor Net Price Bill number Total Checkouts Full call number Barcode Date last seen Date last checked out Actual Price Bill Date Koha item type Original Barcode
    Dewey Decimal Classification     Non-fiction Smt. Bakul Tambat Institute of Nursing Education Smt. Bakul Tambat Institute of Nursing Education 30/12/2025 Amazon(online) 171-2467740-3085941 323.00 BOM7-4013947 5 X 158.1 MEU B12134 BTIN-BK-12134 27/02/2026 17/02/2026 323.00 03/11/2025 Books BTIN-BK-12134